| 000 | 00581nam a22001937a 4500 | ||
|---|---|---|---|
| 003 | SISC | ||
| 005 | 20160321152118.0 | ||
| 008 | 130905t xxu||||| |||| 00| 0 eng d | ||
| 020 | _a0328100064 | ||
| 050 |
_aLB 1040.5 _b.F716 2006 |
||
| 082 |
_aHS 500 _bF76 2006 |
||
| 100 |
_aForesman, Scott _92517 |
||
| 245 |
_aScott Foresman Science - 6 : _bsee learning in a whole new light / _cScott Foresman. |
||
| 260 |
_aNew York : _bPEARSON, _cc2006. |
||
| 300 |
_a608 p. : _bill. ; _c26 cm. |
||
| 650 |
_aScience _xstudy and teaching. _916609 |
||
| 942 |
_2lcc _cBK |
||
| 999 |
_c10392 _d10392 |
||